Aktuálne dokumenty medzinárodnej organizácie práce k štatistikám práce

Salvato in:
Dettagli Bibliografici
Altri autori: Gajdošová, Ľubica
Natura: Libro
Lingua:slovacco
Pubblicazione: Bratislava Ministerstvo práce, sociálnych vecí a rodiny Slovenskej republiky 1998
Soggetti:
Tags: Aggiungi Tag
Nessun Tag, puoi essere il primo ad aggiungerne!!

MARC

LEADER 00000nam a2200000 4500
001 c102561
005 20221109093124.1
020 |a 80-7138-093-8 
041 0 |a slo 
044 |a SK 
245 1 0 |a Aktuálne dokumenty medzinárodnej organizácie práce k štatistikám práce  |c Pripravila: Ľubica Gajdošová 
264 1 |a Bratislava  |b Ministerstvo práce, sociálnych vecí a rodiny Slovenskej republiky  |c 1998 
300 |a 175 s. 
610 2 0 |a štatistika práce 
610 2 0 |a organizácia práce 
610 2 0 |a organizácie medzinárodné 
610 2 0 |a dohody medzinárodné 
700 1 |a Gajdošová, Ľubica